2 - Two Zwei To Deux Due Dva Bili - Statistics

General Stats
  • This quiz has been taken 42 times
  • The average score is 12 of 21
Answer Stats
Hint Answer % Correct
1) The second largest country in area is? Canada
95%
4) What is 2 in the Binary Code? 00000010
92%
5) The second planet from the Sun is? Venus
89%
12) The second letter of the Greek Alphabet is ? Beta
84%
9) Which country has the second greatest population? India
84%
2) Element no. 2 in the Periodic Table is? Helium
82%
3) The second man to walk on the Moon was? Buzz Aldrin
79%
14) Which land animal is the second heaviest after the Elephant? Rhinocerus
71%
13) Which city in the UK has the largest population after London? Birmingham
66%
11) The second President of the USA was? John Adams
61%
10) 'On the second day of Christmas my true love gave to me, 2 what '? Turtle Doves
55%
7) If three is a crowd, what is two? Company
53%
15) What is the second largest island in the Caribbean? Hispaniola
53%
6) Where were the 2d Modern Olympic Games held in 1900 ? Paris
50%
19) Who's second symphony is known as the 'Little Russian'? Pyotr Ilyich Tchaikovsky
39%
8a) Name the 2 US State Capitals that end with a 'U" Honolulu
34%
16) In 1881 who became the second US President to be assassinated? James A. Garfield
32%
8b) " " Juneau
29%
17) In 1961 who became the second person in space? Alan Shepard
24%
18) Which driver came second in 2020 Formula 1 Championship? Valtteri Bottas
18%
20) In 2020, in quantity, what was the second most grown fruit in the World? Bananas
8%
No matching quizzes found
Score Distribution
Percent of People with Each Score
Percentile by Number Answered
Your Score History
You have not taken this quiz